000 00258nam a22001217a 4500
008 180919b xxu||||| |||| 00| 0 eng d
041 _aeng
080 _a721
100 _a41
101 _aNDE
245 _aFoundatition Design
_cTeng.W.C
942 _2udc
_cBK
999 _c47988
_d47988